Loading...
| History - American History | 1 | 6 | 1 | 1 | 70 | 60 | 87.57 | 2 | 6 |
| Beliefs | 0 | 7 | 1 | 2 | 65 | 73 | 108.86 | 0 | 3 |
| Fine Arts - Auditory Fine Arts | 1 | 4 | 1 | 2 | 50 | 71 | 93.80 | 1 | 3 |
| Fine Arts - Visual Fine Arts | 0 | 4 | 1 | 0 | 35 | 69 | 92.25 | 1 | 4 |
| Other Arts: Auditory | 1 | 2 | 1 | 1 | 30 | 75 | 93.00 | 0 | 3 |
| British and Commonwealth History | 2 | 0 | 0 | 0 | 30 | 43 | 43.50 | 2 | 2 |
| World and Other Literature | 0 | 3 | 1 | 0 | 25 | 101 | 127.33 | 0 | 2 |
| Philosophy | 0 | 3 | 1 | 0 | 25 | 79 | 102.00 | 0 | 2 |
| Ancient History and Archaeology | 0 | 2 | 0 | 1 | 20 | 107 | 109.00 | 0 | 1 |
| Literature - American Literature | 0 | 2 | 0 | 0 | 20 | 97 | 111.00 | 0 | 0 |
| Other Arts: Visual | 0 | 2 | 0 | 0 | 20 | 85 | 105.50 | 0 | 1 |
| Social Science | 0 | 2 | 1 | 1 | 15 | 94 | 109.00 | 1 | 2 |
| Literature - European Literature | 0 | 2 | 1 | 0 | 15 | 102 | 113.50 | 0 | 0 |
| Geography | 0 | 1 | 0 | 0 | 10 | 119 | 119.00 | 0 | 1 |
| Current Events | 1 | 0 | 1 | 0 | 10 | 55 | 55.00 | 0 | 1 |
| Science - Physics | 0 | 1 | 0 | 0 | 10 | 84 | 84.00 | 0 | 0 |
| History - World History | 0 | 1 | 0 | 0 | 10 | 124 | 124.00 | 0 | 0 |
| Literature - British Literature | 0 | 1 | 1 | 0 | 5 | 151 | 151.00 | 0 | 1 |
| History - European History | 0 | 0 | 2 | 0 | -10 | 0.00 | 0 | 0 |